| 000 | 00796cam a2200253 i 4500 | ||
|---|---|---|---|
| 001 | 24238 | ||
| 003 | Mx-PuUPA | ||
| 005 | 20250514144204.0 | ||
| 008 | 140415s2000 mx gr 000 0 spa d | ||
| 020 | _a9684445075 | ||
| 040 |
_aMx-PuUPA _bspa _cMx-PuUPA _dMx-PuUPA _erda |
||
| 041 | _aspa | ||
| 100 | 1 | _a | |
| 245 | 1 | 0 |
_aCostos para la administración / _cLeticia Maileth Nuñez Luna |
| 250 | _aPrimera edición | ||
| 264 | 1 |
_aMéxico, D.F. : _bInstituto Tecnológico Autónomo de México, _c©2000 |
|
| 300 |
_a84 páginas ; _c27 cm |
||
| 336 |
_2rdacontent _atexto _btxt |
||
| 337 |
_2rdamedia _asin medio _bn |
||
| 338 |
_2rdacarrier _avolumen _bnc |
||
| 942 |
_2ddc _cLI _hxx _ixx |
||
| 999 |
_c24238 _d24238 |
||